Najbardziej Pojemne Stadiony Piłkarskie w Europie - Statystyki

Ogólne statystyki
  • Ten quiz został rozwiązany 1 161 razy
  • Średni wynik to 5 z 13
Statystyki odpowiedzi
Hint Odpowiedź % Poprawnych
99 354 Camp Nou
96%
85 454 Santiago Bernabeu
87%
90 000 Wembley
72%
75 765 Old Trafford
68%
80 074 San Siro
58%
75 024 Allianz Arena
55%
80 552 Signal Iduna Park
51%
73 698 Stadio Olimpico
21%
81 338 Stade de France
16%
74 220 Stadion Olimpijski
16%
78 360 Stadion Łużniki
4%
82 300 Croke Park
2%
74 500 Millennium Stadium
1%
Nie znaleziono quizów pasujących do podanych kryteriów
Rozkład punktacji
Procent ludzi z każdym wynikiem
Percentyl według liczby udzielonych odpowiedzi
Twoja historia wyników
Nie rozwiązałeś tego quizu